|
|
|
|
| LEADER |
00000nam0a2200000 4500 |
| 001 |
258930 |
| 005 |
20231101233335.0 |
| 035 |
|
|
|a (RuTPU)RU\TPU\book\281821
|
| 090 |
|
|
|a 258930
|
| 100 |
|
|
|a 20140429d1987 m y0rusy50 ca
|
| 101 |
0 |
|
|a rus
|
| 102 |
|
|
|a RU
|
| 105 |
|
|
|a y j 001zy
|
| 200 |
1 |
|
|a Система норм и нормативов в строительном комплексе
|e учебное пособие
|f В. А. Алексеев, В. Ф. Богданов
|g Чувашский государственный университет (ЧГУ)
|
| 210 |
|
|
|a Чебоксары
|c Изд-во Чувашского ун-та
|d 1987
|
| 215 |
|
|
|a 56 с.
|
| 320 |
|
|
|a Библиогр.: с. 54-55.
|
| 606 |
1 |
|
|a Строительные работы
|x Нормативы
|2 stltpush
|3 (RuTPU)RU\TPU\subj\57746
|9 75604
|
| 610 |
1 |
|
|a нормы
|
| 610 |
1 |
|
|a нормы времени
|
| 610 |
1 |
|
|a нормы выработки
|
| 610 |
1 |
|
|a нормативы
|
| 610 |
1 |
|
|a нормирование
|
| 610 |
1 |
|
|a строительство
|
| 610 |
1 |
|
|a учебные пособия
|
| 675 |
|
|
|a 69:658.53(075.8)
|v 3
|
| 700 |
|
1 |
|a Алексеев
|b В. А.
|g Валерий Алексеевич
|
| 701 |
|
1 |
|a Богданов
|b В. Ф.
|g Василий Филиппович
|
| 712 |
0 |
2 |
|a Чувашский государственный университет (ЧГУ)
|c (Чебоксары)
|2 stltpush
|3 (RuTPU)RU\TPU\col\299
|
| 801 |
|
1 |
|a RU
|b 63413507
|c 20140429
|
| 801 |
|
2 |
|a RU
|b 63413507
|c 20141028
|g RCR
|
| 942 |
|
|
|c BK
|